000 01104nam a22002417a 4500
999 _c19558
_d19558
005 20251125232917.0
008 s2542 th tha d
020 _a9742932727
040 _aNALT
041 _atha
245 1 0 _aกฎหมายสาธารณสุข / ธวัชชัย สัตยสมบูรณ์
246 _aPublic health laws
260 3 _aกรุงเทพฯ :
_bโครงการสวัสดิการวิชาการ สถาบันพระบรมราชชนก,
_c2542
300 _a457 หน้า :
_b ตาราง ;
_c 26 ซม.
650 0 4 _aการสาธารณสุข (พ.ร.บ.) -- 2535
650 0 4 _aสาธารณสุข -- กฎหมายและระเบียบข้อบังคับ
650 0 4 _aนโยบายสาธารณสุข -- ไทย
850 _aNALT
856 4 0 _uhttps://hdl.handle.net/20.500.14156/465363
_71
942 _cLB
_2lcc
998 _j25
_k นีลวัสน์ อินทรักษา
090 _aKP11 ก118 2542